00966nam a2200193 a 450000100100000000500170001000800410002704000250006824500750009324600800016826000360024830000320028470000380031671000740035495201110042895201110053995201050065099900170075500003799220250211094044.0130311s2008 dr ac 000 0 spa d aDO-SdBNPbspacBNPHU00aCompartiendo buenas prácticas administrativas /cBienvenido Liriano.14aCompartiendo buenas prácticas en la administración pública dominicana aSanto Domingo :bCONARE,c2008. av. :bil., retrs. ;c23 cm.1 aLiriano, Bienvenidoecoor.9644001 aRepública Dominicana. Consejo Nacional de Reforma del Estado964396 0010718DSaGRbGRcCTd2013-03-11iLF1l0o p37992-30r2020-06-25te. 3w2020-06-25yLFDSZNo se presta 0010718PDaPDbPDcCTd2013-03-11iLF1l0o p37992-10r2020-06-25te. 2w2020-06-25yLFPDZNo se presta 0010718PDaPDbPDcCTd2013-03-11iLF1l0o p37992-20r2020-06-25w2020-06-25yLFPDZNo se presta c37482d37482